000 00525ntaaa2200205 4500
003 01
005 20251027202340.0
008 0714s1973 ag 01
020 _a8485471458
040 _aAR-BaBN
_bspa
_cAR-BaBN
_eaacr
_dRIC
082 _a297.0000 P35i
100 _aPeirone, Federico
_922146
245 _aEl islamismo
250 _a1 ed.
260 _aBuenos Aires :
_bHispanoamérica,
_c1985
300 _a95 p ;
_cfotos, tablas : 20 cm
500 _aContien glosario
650 _areligiones orientales
942 _cBK
999 _c18379
_d18379